000 00318nam a22001217a 4500
008 180516b xxu||||| |||| 00| 0 eng d
041 _aeng
080 _a043.3
100 _a0
101 _aSHKI-BTH
245 _aDallimet dhe përparësitë ndërmjet HTML 5 dhe versioneve të mëhershme
_cSalihu,S
942 _2udc
_cBK
999 _c45857
_d45857